| 000 | 00518nam a22001937a 4500 | ||
|---|---|---|---|
| 005 | 20230822145846.0 | ||
| 008 | 230822b ||||| |||| 00| 0 eng d | ||
| 020 | _a9789382976912 | ||
| 040 |
_aIN-DiNC _cIN-DiNC |
||
| 041 | _dasm | ||
| 082 |
_a306.6 _bBOR |
||
| 100 |
_aBorah, Birinchi Kumar _eauthor |
||
| 245 |
_aDharmar samajtattwa/ _cby Birinchi Kumar Borah |
||
| 250 | _a2nd ed. | ||
| 260 |
_aGolaghat: _bSaraswati prakashan, _c2022. |
||
| 300 | _a292p. | ||
| 650 | _aSociology of religion | ||
| 942 |
_2ddc _cBK |
||
| 999 |
_c11584 _d11584 |
||